000 00434nam a22001571a 4500
020 _a9788173050572
082 _a709.011 309 143
_bYAS/R
100 _aYashodhar Mathpal
245 _aRock art in kumaon himalaya/
_cby Yashodhar Mathpal
260 _aNew Delhi:
_bIndian Gandhi National Centre for the arts,
_c1995.
300 _a92p.
650 _aRock Art Kumaon Himalaya
650 _aRock Art
650 _aArts
942 _cBK
999 _c38560
_d38560